000 00683nam a2200277Ia 4500
005 20260324153554.0
008 008 260324s9999 xx 000 0 eng d
020 _a9780128026540
037 _aEBOOK
040 _aCRL
040 _beng
040 _cCRL
041 _2eng
041 _aeng
084 _qCRL
100 _aCrompton, T. R.
_9902898
245 0 _aDetermination of Metals in Natural Waters, Sediments, and Soils
250 _a1
260 _bElsevier
260 _c2015
650 _aEnvironmental Science
856 _uhttps://www.sciencedirect.com/science/book/9780128026540
942 _cEBOOK
999 _c1843425
_d1843425